书目信息 |
| 题名: |
紫色学历
|
|
| 作者: | 王曦昌 著 | |
| 分册: | ||
| 出版信息: | 北京 中国青年出版社 1999.07 |
|
| 页数: | 342页 | |
| 开本: | 20cm | |
| 丛书名: | ||
| 单 册: | ||
| 中图分类: | I247.57 | |
| 科图分类: | 44.5728 | |
| 主题词: | 长篇小说--中国--现代 | |
| 电子资源: | ||
| ISBN: | 7-5006-3471-4 | |
| 000 | 00577nam0 2200217 45 | |
| 001 | 0199061765 | |
| 005 | 20041025104940.71 | |
| 010 | @a7-5006-3471-4@dCNY 17.50 | |
| 100 | @a19991020d1999 em y0chiy0121 ea | |
| 101 | 0 | @achi |
| 102 | @aCN@b110000 | |
| 105 | @ay z 000ay | |
| 200 | 1 | @a紫色学历@Azi se xue li@f王曦昌著 |
| 210 | @a北京@c中国青年出版社@d1999.07 | |
| 215 | @a342页@d20cm | |
| 606 | @a长篇小说@y中国@z现代 | |
| 690 | @aI247.57@v3 | |
| 692 | @a44.5728@v2 | |
| 701 | 0 | @a王曦昌@Awang xi chang@4著 |
| 801 | 0 | @aCN@bNLC@c20041025 |
| 905 | @a10447@dI247.57@eW380 | |
| 紫色学历/王曦昌著.-北京:中国青年出版社,1999.07 |
| 342页;20cm |
| ISBN 7-5006-3471-4:CNY 17.50 |
| ● |
| 相关链接 |
|
|
|
正题名:紫色学历
索取号:I247.57/W380
 
预约/预借
| 序号 | 登录号 | 条形码 | 馆藏地/架位号 | 状态 | 备注 |
| 1 | 422363 | 204223633 | 自科二线404/108文学库 52排3列1层/ [索取号:I247.57/W380] | 在馆 | |
| 2 | 422364 | 204223642 | 社科二线400B/400B社科库 21排1列2层/ [索取号:I247.57/W380] | 在馆 | |
| 3 | 422365 | 204223651 | 社科二线422/422社科库 1排1列3层/ [索取号:I247.57/W380] | 在馆 |